Je náš

Bibliographic Details
Main Author: Kameň, Fraňo (Author)
Format: Article
Language:Slovak
PhysicalDescription:Fotogr.
ISBN:8070903066
Subjects:

MARC

LEADER 00000nab a2200000 ar4500
001 vtls009144106
003 SK-MaSNL
005 20260303063801.0
008 070927c1994 xo |r|p|||||||000 b|slo
015 |a SNBRB2007/09  |2 snkbucl 
038 |a SNKBUCL 
040 |a SNKBUCL  |b slo  |c SNKBUCL  |e AACR2 
041 0 |a slo 
044 |a xo  |c SK 
080 |a 629.78-051  |2 1997 
100 1 |a Kameň, Fraňo  |4 aut  |9 1061438 
245 1 0 |a Je náš  |c Fraňo Kameň 
300 |b Fotogr. 
600 1 7 |a Cernan, Eugene,  |d 1934-2017  |2 snkbucl  |9 167567 
773 0 |t Národný kalendár 1995  |d Martin : Matica slovenská, 1994  |g S. 139-141  |z 8070903066 
852 |a SNK  |b KIS3GCP 
958 |a BC 
999 |c 1744404  |d 1746334